Emblems of the Soviet Socialist Republics - Statistics

General Stats
  • This quiz has been taken 31 times
  • The average score is 12 of 16
Answer Stats
Picture Answer % Correct
Byelorussia
96%
Lithuania
91%
Russia
91%
Ukraine
91%
Latvia
87%
Uzbekistan
87%
Estonia
78%
Georgia
74%
Armenia
70%
Kazakhstan
70%
Moldavia
70%
Tajikistan
70%
Turkmenia
70%
Azerbaijan
65%
Karelia-Finland
61%
Kirghizia
57%
No matching quizzes found
Score Distribution
Percent of People with Each Score
Percentile by Number Answered
Your Score History
You have not taken this quiz